Sports Quiz

Random Sports or Typing Quiz

Typing Challenge: Big Four Teams Only Quiz Stats

 Plays Quiz Updated May 27, 2018

Challenge
Share
Tweet
Embed
Score 0/40 Timer 01:00
0 Plays Today
Big Four Team? Type or SKIP % Correct
????
100%
????
95.6%
????
94.2%
????
93%
????
69.7%
????
68.5%
????
68.1%
????
64.7%
????
63.5%
????
62.5%
????
62.1%
????
60.6%
????
59.8%
????
59.5%
????
59.2%
????
58.7%
????
57.4%
????
56.5%
????
53.2%
????
52.3%
Big Four Team? Type or SKIP % Correct
????
51.3%
????
50.4%
????
49.3%
????
48%
????
43.9%
????
42.5%
????
39.4%
????
37.9%
????
35.9%
????
34.1%
????
31.9%
????
29.6%
????
26.2%
????
22.7%
????
19.1%
????
15.8%
????
13.4%
????
10.5%
????
7.7%
????
6.3%

You're not logged in!

Compare scores with friends on all Sporcle quizzes.
OR
Log In

You Might Also Like...

Show Comments

Extras

Top Quizzes Today


Score Distribution

Your Account Isn't Verified!

In order to create a playlist on Sporcle, you need to verify the email address you used during registration. Go to your Sporcle Settings to finish the process.

Report this User

Report this user for behavior that violates our Community Guidelines.

Details: